The hypocephalus : an ancient Egyptian funerary amulet /
The hypocephalus is an element of Late Period and Ptolemaic funerary equipment-an amuletic disc placed under the head of mummies. Its shape emulates the sun's disc, and its form is planar (although it is occasionally concave). This volume analyses the written records and iconography of these ob...
المؤلف الرئيسي:
التنسيق: كتاب الكتروني
اللغة: English
منشور في:
Oxford :
Archaeopress Publishing Ltd,
2020.
سلاسل:
Archaeopress Egyptology ;
25.
الموضوعات:
الوصول للمادة أونلاين: Login to view Source
الوسوم: إضافة وسم
رقم الطلب: DT62.T6
| LEADER | 01918nam a2200409 i 4500 | ||
|---|---|---|---|
| 001 | EDZ0002251106 | ||
| 003 | StDuBDS | ||
| 005 | 20230412182628.0 | ||
| 006 | m|||||o||d|||||||| | ||
| 007 | cr ||||||||||| | ||
| 008 | 200226s2020 enka fob 001|0|eng|d | ||
| 020 | |a 9781789693348 (ebook) : |c No price | ||
| 040 | |a StDuBDS |b eng |c StDuBDS |e rda |e pn | ||
| 050 | 4 | |a DT62.T6 | |
| 082 | 0 | 4 | |a 932 |2 23 |
| 100 | 1 | |a Mekis, Tamás, |e author. | |
| 245 | 1 | 4 | |a The hypocephalus : |b an ancient Egyptian funerary amulet / |c Tamás Mekis. |
| 264 | 1 | |a Oxford : |b Archaeopress Publishing Ltd, |c 2020. | |
| 300 | |a 1 online resource (viii, 356 pages) : |b illustrations (black and white, and colour). | ||
| 336 | |a text |2 rdacontent | ||
| 336 | |a still image |2 rdacontent | ||
| 337 | |a computer |2 rdamedia | ||
| 338 | |a online resource |2 rdacarrier | ||
| 490 | 1 | |a Archaeopress Egyptology ; |v 25 | |
| 500 | |a This is volume 25 of the series Archaeopress Egyptology, though some information states that it is volume 24. | ||
| 504 | |a Includes bibliographical references and index. | ||
| 520 | 8 | |a The hypocephalus is an element of Late Period and Ptolemaic funerary equipment-an amuletic disc placed under the head of mummies. Its shape emulates the sun's disc, and its form is planar (although it is occasionally concave). This volume analyses the written records and iconography of these objects. | |
| 521 | |a Specialized. | ||
| 588 | |a Description based on online resource; title from PDF title page (viewed on May 5, 2020). | ||
| 650 | 0 | |a Hypocephali. | |
| 650 | 0 | |a Grave goods |z Egypt. | |
| 776 | 0 | 8 | |i Print version : |z 9781789693331 |
| 830 | 0 | |a Archaeopress Egyptology ; |v 25. | |
| 856 | 4 | 0 | |3 Archaeopress |u http://library.arce.org:8087/Archaeopress/Products/9781789693331 |
| 942 | |2 lcc |c EBOOK | ||
| 952 | |0 0 |1 0 |4 0 |6 DT0062 T6 |7 1 |9 46605 |a ARCH |b ARCH |d 2023-04-12 |l 0 |o DT62.T6 |r 2023-04-12 00:00:00 |w 2023-04-12 |y EBOOK | ||
| 999 | |c 52263 |d 52263 | ||
